| 000 | 01107nac a22003137a 4500 | ||
|---|---|---|---|
| 001 | BR6600242 | ||
| 003 | BR-BrBNA | ||
| 005 | 20240105113309.0 | ||
| 008 | 230509b bl.|||m| |||| 00| 0 por d | ||
| 040 |
_aBR-BrBNA _bpor _cBiblioteca Nacional de Agricultura |
||
| 072 | _aL74; L50; L36 | ||
| 090 | _a8830 BR6600242 | ||
| 100 | 1 | _aChaves, N. | |
| 110 | 1 | _aUniversidade Federal de Pernambuco, Recife (Brasil) | |
| 245 | 1 | _aProteinas vegetais e tropicais. Reproducao, crescimento e alteracoes oculares em ratos alimentados com associacoes vegetais de diferentes niveis proteicos [Disturbio animal] | |
| 260 | 3 |
_aRecife, PE (Brasil): _c1966. |
|
| 300 | _a106 p. | ||
| 490 |
_aColecao Nordestina - Universidade Federal de Pernambuco (Brazil) _vno. 3 _x |
||
| 500 | _a10 illus.; 12 tables; Summaries (En, Pt); Bibliography p. 97-101 (99 ref.) | ||
| 650 | _aRATO | ||
| 650 | _aPROTEINA | ||
| 650 | _aREPRODUCAO | ||
| 650 | _aCRESCIMENTO | ||
| 650 | _aDEFICIENCIA PROTEICA | ||
| 650 | _aOLHO | ||
| 650 | _aCATARATA | ||
| 909 |
_a202312 _bLúcia Elande _c55 _dLúcia Elande |
||
| 942 |
_2AGRIS _n0 _cMS |
||
| 999 |
_c262953 _d262953 |
||